Human computer interaction

Guardado en:
Detalles Bibliográficos
Autor principal: Tonya B. Barrier
Formato: Libro
Publicado: IGP
Etiquetas: Agregar Etiqueta
Sin Etiquetas, Sea el primero en etiquetar este registro!

MARC

LEADER 00000nam a2200000Ia 4500
005 20260515061616.0
100 |a Tonya B. Barrier 
020 |a 9781931777131 
942 |c BK 
245 |a Human computer interaction  
260 |b IGP 
999 |c 41  |d 41 
952 |0 0  |1 0  |4 0  |7 0  |a ABDN  |b ABDN  |d 2026-05-15  |l 0  |p 000013  |r 2026-05-15 06:16:16  |w 2026-05-15  |y BK